000 00623cam a22002052 4500
001 0000013222
005 20151217152124.0
008 090706s xx 000 0 eng d
040 _aKABU
_cKABU
110 2 _aInternational Community of Women Living with HIV/AIDS.
_@0000170377
245 1 2 _aA Positive woman's survival kit /
_cICW.
250 _a1stLondon ed.
260 _aLondon :
_bICW,
_c1999.
300 _a46 p. ;
_c cm.
500 _aWith 9 Fact Sheets.
650 0 _aHIV-positive women.
_@0000170378
852 1 _9p1000 KES
908 _a090706
950 _@1
999 _c8489
_d8489